| 000 | 00573nam a2200181 i 4500 | ||
|---|---|---|---|
| 001 | 21444 | ||
| 003 | ES-MaACL | ||
| 005 | 20231224062911.0 | ||
| 007 | t| | ||
| 008 | 021125s1895 sp ||||1| spa d | ||
| 100 | 1 |
_aCasa de Valencia, Emilio Alcalá Galiano y Valencia, _cConde de, _d1831-1914 _919462 |
|
| 245 | 1 | 0 |
_aEstudios históricos / _cpor el Conde de Casa Valencia. |
| 260 |
_aMadrid : _b[s.n.], _c1895 ( _fImp. de Fortanet) |
||
| 300 |
_a249 p. ; _c20 cm. |
||
| 651 | 4 |
_aEspaña- _xHistoria. _98209 |
|
| 852 |
_aES-MaACL _jD-696 |
||
| 999 |
_c21444 _d21444 |
||